000 00315 a2200145 4500
001 17849
020 _a9781405074124
040 _cAnchieta - Bela Vista
240 1 0 _aNew year´s eve
_leng
245 1 0 _aNew year´s eve
300 _a23
362 0 _a2014
650 4 _aLiteratura juvenil em inglês
942 _cBK
999 _c17849
_d17849